000 00286nam a22001217a 4500
020 _a0-408-00083-X
082 _a621 MEC'P
100 _aPARAISH, A
_976099
245 _aMECHANICAL ENGINEERING REFERENCE BOOK
260 _aLONDON
_bBUTTERWORTH
_c1978
300 _a20-214P
942 _cBK
999 _c581525
_d581525